[Event "Monastir zt 4.1"]
[Site "Monastir"]
[Date "2022.03.18"]
[Round "8"]
[White "Sentissi, Yassine"]
[Black "Sadek, Sameh"]
[Result "0-1"]
[WhiteElo "1844"]
[BlackElo "2233"]
[PlyCount "150"]
[EventDate "2022.03.13"]
[EventType "swiss"]
[EventRounds "9"]
[EventCountry "TUN"]
[SourceTitle "EXT 2023"]
[Source "ChessBase"]
[SourceDate "2022.10.05"]
[SourceVersion "1"]
[SourceVersionDate "2022.10.05"]
[SourceQuality "1"]

1. e4 c5 2. Nf3 a6 3. c3 e6 4. d4 d5 5. exd5 exd5 6. Bd3 c4 7. Bc2 Bd6 8. 0-0 Ne7 9. Re1 Bg4 10. b3 cxb3 11. axb3 Nbc6 12. Qd3 Qc7 13. h3 Bh5 14. Nh4 Bg6 15. Nxg6 hxg6 16. Nd2 Rc8 17. Bb1 0-0 18. Bb2 Rfe8 19. Nf3 Nf5 20. Rxe8+ Rxe8 21. Bc2 Rc8 22. Rc1 Bf4 23. Re1 Nb4 24. Qd1 Nxc2 25. Qxc2 b5 26. g3 Bd6 27. Qd2 a5 28. Qe2 Qb7 29. Ra1 Ra8 30. Qc2 Qc6 31. Qd1 a4 32. bxa4 bxa4 33. Qc1 Qc4 34. Ba3 Qe2 35. Bxd6 Nxd6 36. Nd2 Nb5 37. Nb1 Ra6 38. Na3 Rf6 39. Qc2 Qxc2 40. Nxc2 Nxc3 41. Ra3 Rc6 42. Ne3 Kf8 43. Kf1 Ke8 44. Ke1 Kd8 45. Ra1 Kc7 46. Kd2 Kd6 47. f3 a3 48. Nc2 Nb5 49. Nxa3 Nxd4 50. Ke3 Nb3 51. Rd1 Rc3+ 52. Kf2 Kc5 53. h4 d4 54. Re1 Kb4 55. Nb1 Rc2+ 56. Kf1 Rb2 57. Kg1 d3 58. Re4+ Kc5 59. Nc3 Rc2 60. Nd1 Rc1 61. Re1 f5 62. Kf2 Kd4 63. g4 d2 64. Rf1 Rxd1 65. Rxd1 Kd3 66. gxf5 gxf5 67. Kg3 Ke3 68. h5 Nd4 69. Ra1 Nxf3 70. Ra3+ Ke4 71. Ra1 Nd4 72. Kf2 f4 73. Rd1 Kd3 74. Ra1 Kc3 75. Kf1 Kb2 0-1

[Event "Monastir zt 4.1"]
[Site "Monastir"]
[Date "2022.03.14"]
[Round "3"]
[White "Ben Ghanem, Hamed"]
[Black "Sentissi, Yassine"]
[Result "1-0"]
[WhiteElo "2112"]
[BlackElo "1844"]
[PlyCount "137"]
[EventDate "2022.03.13"]
[EventType "swiss"]
[EventRounds "9"]
[EventCountry "TUN"]
[SourceTitle "EXT 2023"]
[Source "ChessBase"]
[SourceDate "2022.10.05"]
[SourceVersion "1"]
[SourceVersionDate "2022.10.05"]
[SourceQuality "1"]

1. d4 Nf6 2. Bf4 c5 3. e3 g6 4. c3 Qb6 5. Qb3 Qxb3 6. axb3 cxd4 7. exd4 Nc6 8. Nf3 d6 9. Bb5 Bd7 10. 0-0 Nd5 11. Bg3 Nc7 12. Bd3 Bg7 13. Re1 0-0 14. Nbd2 Rfe8 15. b4 a6 16. Nc4 Rad8 17. h3 Nd5 18. Re2 Bh6 19. Rae1 Be6 20. Ne3 Nxe3 21. fxe3 d5 22. Bf4 Bxf4 23. exf4 Bf5 24. Bxf5 gxf5 25. Nh4 e6 26. Nxf5 a5 27. bxa5 Nxa5 28. Ne3 Kf8 29. Ng4 Kg7 30. f5 Rd6 31. fxe6 Rexe6 32. Rxe6 fxe6 33. Ne5 Nc6 34. Nd3 Kf6 35. Kf2 Rd8 36. g4 b5 37. b4 Ra8 38. Nf4 Nd8 39. Re3 Ra6 40. h4 h6 41. Kf3 Nf7 42. Nd3 Ra1 43. Nc5 Nd8 44. g5+ hxg5 45. hxg5+ Kf7 46. Kg4 Rg1+ 47. Rg3 Re1 48. Rf3+ Kg7 49. Kf4 Nf7 50. Rg3 Kg6 51. Kf3 e5 52. Nd3 Rf1+ 53. Ke2 Rf5 54. Nxe5+ Nxe5 55. dxe5 Rxe5+ 56. Kd3 Re4 57. Re3 Rc4 58. Re5 d4 59. Rc5 Rxc3+ 60. Rxc3 dxc3 61. Kxc3 Kxg5 62. Kd4 Kf6 63. Kc5 Ke6 64. Kxb5 Kd6 65. Kb6 Kd7 66. Kb7 Kd6 67. b5 Kd7 68. b6 Kd8 69. Ka7 1-0

[Event "Guimaraes op"]
[Site "Guimaraes"]
[Date "2021.08.24"]
[Round "1"]
[White "Sentissi, Yassine"]
[Black "Zwardon, Vojtech"]
[Result "0-1"]
[WhiteElo "1778"]
[BlackElo "2466"]
[PlyCount "112"]
[EventDate "2021.08.24"]
[EventType "swiss"]
[EventRounds "9"]
[EventCountry "POR"]
[SourceTitle "CBM 204 Extra"]
[Source "ChessBase"]
[SourceDate "2021.11.30"]
[SourceVersion "1"]
[SourceVersionDate "2021.11.30"]
[SourceQuality "1"]

1. e4 c5 2. Nf3 Nc6 3. d4 cxd4 4. Nxd4 g6 5. Nc3 Bg7 6. Be3 Nf6 7. Bc4 0-0 8. Bb3 Re8 9. f3 d5 10. exd5 Nb4 11. Nde2 e6 12. d6 Nbd5 13. Bf2 Qxd6 14. 0-0 Bd7 15. Qd2 b5 16. Ne4 Qc7 17. Nxf6+ Nxf6 18. Rad1 a5 19. a3 a4 20. Ba2 Red8 21. c3 Bc6 22. Qc1 Bd5 23. Bxd5 Nxd5 24. f4 Qc4 25. Rfe1 Rac8 26. Bd4 Bh6 27. g3 f6 28. Qb1 g5 29. fxg5 Bxg5 30. Bf2 e5 31. Nc1 Rd6 32. Nd3 Rcd8 33. Nb4 Nxb4 34. axb4 Rd3 35. Rxd3 Qxd3 36. Qa2+ Qd5 37. Qb1 Qd3 38. Qa2+ Kg7 39. Qe6 Qd7 40. Qb6 Qd5 41. Be3 Rd6 42. Qa7+ Rd7 43. Qb6 Rb7 44. Qc5 Qxc5 45. bxc5 Bxe3+ 46. Rxe3 Rc7 47. Rd3 Rxc5 48. Kf2 Kg6 49. Kf3 h5 50. Rd8 a3 51. bxa3 Rxc3+ 52. Ke4 Rxa3 53. h3 h4 54. gxh4 Rxh3 55. Rg8+ Kf7 56. Rg4 Ke6 0-1

[Event "London Chess Classic: Blitz D"]
[Site "London"]
[Date "2019.12.08"]
[Round "7"]
[White "Lucchi, Lorenzo"]
[Black "Sentissi, Yassine"]
[Result "1-0"]
[WhiteElo "2186"]
[BlackElo "1715"]
[PlyCount "94"]
[EventDate "2019.12.08"]
[EventType "swiss (blitz)"]
[EventRounds "11"]
[EventCountry "ENG"]
[SourceTitle "EXT 2021"]
[Source "ChessBase"]
[SourceDate "2020.10.23"]
[SourceVersion "1"]
[SourceVersionDate "2020.10.23"]
[SourceQuality "1"]

1. e4 c5 2. Nf3 d6 3. g3 Nc6 4. Bg2 g6 5. d4 cxd4 6. Nxd4 Bd7 7. b3 Bg7 8. Bb2 Nf6 9. 0-0 0-0 10. Nc3 a6 11. Re1 Rc8 12. Nxc6 Bxc6 13. Nd5 Bxd5 14. exd5 b5 15. a4 b4 16. a5 Rc5 17. Bd4 Rxa5 18. Rxa5 Qxa5 19. Rxe7 Qd8 20. Ra7 Qc8 21. Bf1 Qf5 22. Bg2 Ng4 23. Bh3 Qxd5 24. Bxg4 Bxd4 25. Rxa6 h5 26. Bf3 Qc5 27. Rc6 Bxf2+ 28. Kg2 Qe3 29. Rxd6 Be1 30. Qe2 Qc5 31. Rc6 Qf5 32. Qxe1 h4 33. g4 Qf4 34. Rc4 h3+ 35. Kf2 Qxh2+ 36. Ke3 Re8+ 37. Re4 Rc8 38. Qxb4 Qg1+ 39. Kf4 h2 40. Qb7 Rf8 41. Re2 Qc1+ 42. Kg3 Qg1+ 43. Kf4 Kg7 44. Qe4 Rd8 45. Qe5+ Kg8 46. Qe3 Qxe3+ 47. Kxe3 Rd6 1-0